00339nam a2200121Ia 4500008004100000100003500041245006400076260002300140300000800163650002400171942000700195999001500202190216s9999||||xx |||||||||||||| ||und|| a"Ahluwalia V K,Dhingra Sunita" 0aQualitative Analysis:Compansive Practical Organic Chemistry bUniversities Press a294 aChemistry-Chemistry cBK c3261d3261